Miguel de Unamuno

Bewaard in:
Bibliografische gegevens
Formaat: Boek
Taal:Spaans
Gepubliceerd in: Madrid Espasa Calpe 1950
Editie:3a. ed
Reeks:Colección Austral, 991
Onderwerpen:
Tags: Voeg label toe
Geen labels, Wees de eerste die dit record labelt!

MARC

LEADER 00000nam a2200000 a 4500
001 UCX3157
003 CL-VaPUC
008 911007e19500000SP |||||||||||||||||spa|d
082 0 4 |a 864  |b MAR  |2 21 
245 1 0 |a Miguel de Unamuno 
250 |a 3a. ed 
300 |a 220 p 
942 |c BK 
945 |d 19911007 00:00:00  |a rbrito 
260 |a Madrid  |b Espasa Calpe  |c 1950 
600 0 7 |a UNAMUNO, MIGUEL DE  |2 CL-VaPUC  |9 312478 
650 0 |a Crítica e interpretación   |9 255042 
583 |a last modification  |c 20140409 11:47:44  |k Rodrigo Vera 
490 0 |a Colección Austral, 991 
999 |c 223971  |d 223969 
952 |0 0  |1 0  |4 0  |6 864_000000000000000_MAR_1950  |7 0  |8 A  |9 220278  |a BIBEDU  |b BIBEDU  |d 2019-11-15  |i 2890208  |o 864 MAR 1950  |p 2890208  |r 2019-11-15  |w 2019-11-15  |y BK  |k LIT